Teoría monetaria y bancaria fundamentos / (Registro nro. 12199)

Detalles MARC
000 -LEADER
fixed length control field 01223nam a2200289Ia 4500
003 - CONTROL NUMBER IDENTIFIER
control field OSt
005 - DATE AND TIME OF LATEST TRANSACTION
control field 20210817154003.0
008 - FIXED-LENGTH DATA ELEMENTS--GENERAL INFORMATION
fixed length control field 210310s2010 ck ad gr 000 0 spa d
020 ## - INTERNATIONAL STANDARD BOOK NUMBER
International Standard Book Number 9789586486668
040 ## - CATALOGING SOURCE
Original cataloging agency CO-JMCR
Transcribing agency CO-JMCR
041 0# - LANGUAGE CODE
Language code of text/sound track or separate title spa
082 04 - DEWEY DECIMAL CLASSIFICATION NUMBER
Classification number 332.401 /
Item number T171t
Edition number 23
100 1# - MAIN ENTRY--PERSONAL NAME
Personal name Taraupez Chamorro, Edwin,
Relator term autor
9 (RLIN) 27564
245 10 - TITLE STATEMENT
Title Teoría monetaria y bancaria fundamentos /
Statement of responsibility, etc. Edwin Tarapuez Chamorro, Carlos Alberto Rivera Bermúdez, Omar Alberto Donneys Beltrán
250 ## - EDITION STATEMENT
Edition statement Primera edición
260 ## - PUBLICATION, DISTRIBUTION, ETC.
Place of publication, distribution, etc. Bogotá :
Name of publisher, distributor, etc. Eco,
Date of publication, distribution, etc. 2010.
300 ## - PHYSICAL DESCRIPTION
Extent 399 páginas ;
Dimensions 24 cm.
490 0# - SERIES STATEMENT
Series statement Ciencias administrativas :
-- Economía
504 ## - BIBLIOGRAPHY, ETC. NOTE
Bibliography, etc. note Bibliografía al final de cada capitulo.
505 0# - FORMATTED CONTENTS NOTE
Formatted contents note El dinero. -- La inflación. -- Sistema monetario internacional. -- Entidades multilaterales y regionales de crédito. -- La política financiera. -- La banca central. -- El sistema financiero colombiano. --
650 14 - SUBJECT ADDED ENTRY--TOPICAL TERM
Topical term or geographic name entry element Teoría monetaria.
9 (RLIN) 4782
650 24 - SUBJECT ADDED ENTRY--TOPICAL TERM
Topical term or geographic name entry element Bancos centrales
9 (RLIN) 39429
650 24 - SUBJECT ADDED ENTRY--TOPICAL TERM
Topical term or geographic name entry element Sistema monetario internacional
9 (RLIN) 6486
700 1# - ADDED ENTRY--PERSONAL NAME
Personal name Rivera Bermúdez, Carlos Alberto,
Relator term autor
9 (RLIN) 39430
700 1# - ADDED ENTRY--PERSONAL NAME
Personal name Donneys Beltrán, Omar Alberto,
Relator term autor
9 (RLIN) 39431
942 ## - ADDED ENTRY ELEMENTS (KOHA)
Source of classification or shelving scheme Dewey Decimal Classification
Koha item type Books
Existencias
Withdrawn status Lost status Source of classification or shelving scheme Damaged status Not for loan Home library Current library Shelving location Date acquired Source of acquisition Full call number Barcode Date last seen Copy number Price effective from Koha item type
    Dewey Decimal Classification     Biblioteca Pública José María del Castillo y Rada Biblioteca Pública José María del Castillo y Rada General Stacks 04/15/2018 Donación 332.401 / T171t 430002527 05/16/2024 Ej.1 03/10/2021 Books